000 00541nam a22001697a 4500
999 _c41028
_d41028
003 OSt
005 20210226112632.0
008 210226b ||||| |||| 00| 0 eng d
020 _a9780349106533
040 _coclc
082 _a968.064092
_bMAN/L
100 _98494
_aMandela, Nelson
245 _aLong Walk To Freedom :
_bThe Autobiography of Nelson Mandela /
_cNelson Mandela
260 _aLondon:
_bLitttle Brown Book Group,
_c1994.
300 _a628p
942 _2ddc
_cBK
_iMAN/L
_k968.064092
_mMAN/L
_h968.064092